Las preguntas de delfina / (Registro nro. 30610)
[ vista simple ]
| 000 -LEADER | |
|---|---|
| fixed length control field | 00262nam a22000977a 4500 |
| 008 - FIXED-LENGTH DATA ELEMENTS--GENERAL INFORMATION | |
| fixed length control field | 240219b |||||||| |||| 00| 0 eng d |
| 082 ## - DEWEY DECIMAL CLASSIFICATION NUMBER | |
| Classification number | C AGUP Ej.1 |
| 100 10 - MAIN ENTRY--PERSONAL NAME | |
| Personal name | Aguirre, Marisa |
| Relator term | autor |
| 9 (RLIN) | 43437 |
| 245 ## - TITLE STATEMENT | |
| Title | Las preguntas de delfina / |
| Statement of responsibility, etc. | Marisa Aguirre |
| 942 ## - ADDED ENTRY ELEMENTS (KOHA) | |
| Source of classification or shelving scheme | Dewey Decimal Classification |
| Withdrawn status | Lost status | Source of classification or shelving scheme | Damaged status | Not for loan | Home library | Current library | Shelving location | Date acquired | Total Checkouts | Full call number | Barcode | Date last seen | Date last checked out | Price effective from | Koha item type | Public note |
|---|---|---|---|---|---|---|---|---|---|---|---|---|---|---|---|---|
| Dewey Decimal Classification | Biblored | Biblioteca Pública José María del Castillo y Rada | Children's Area | 02/19/2024 | 1 | C AGUP Ej.1 | 00000014106792 | 04/15/2024 | 04/15/2024 | 02/19/2024 | Books | Material Interbibliotecario BibloRed |